NRL Warriors name the player #1 - Statistics

General Stats
  • This quiz has been taken 21 times
  • The average score is 6 of 16
Answer Stats
Picture Answer % Correct
Kevin Locke
72%
Josh Curran
67%
Logan Swann
67%
Blake Ayshford
50%
Solomone Kata
44%
Michael Witt
39%
Mark Tookey
33%
Sam Tomkins
33%
Bodene Thompson
28%
Joe Vagana
28%
PJ Marsh
28%
Grant Rovelli
22%
Jason Death
22%
Joel Moon
17%
Robbie Mears
17%
Henry Perenara
11%
No matching quizzes found
Score Distribution
Percent of People with Each Score
Percentile by Number Answered
Your Score History
You have not taken this quiz